Kitab 'ilmu kayu-kayuan

Bibliographic Details
Main Author: ARNOT
Format: Book
Published: Kuala Lumpur : Commercial Press , 1949 (1934)
Subjects:

MARC

LEADER 00000cam a2200000 7i4500
001 0000001365
005 20010607.0
090 0 0 |a 575.46   |b ARN 1949 
100 1 0 |a ARNOT   |h D. B. 
245 1 0 |a Kitab 'ilmu kayu-kayuan   |c D. B. Arnot 
260 0 0 |a Kuala Lumpur :   |b Commercial Press ,   |c 1949 (1934) 
300 |a 67 p. :   |b ill. ;   |c 24 cm. 
650 0 0 |a Wood   |z Malaya 
998 |a JPSM 
999 |a 0000002655   |b Monograph   |c Open Shelf   |e Default branch 
999 |a 0000002906   |b Monograph   |c Reference   |e Default branch